Shoe Brands Quiz Stats

 Plays Quiz not verified by Sporcle

Challenge
Share
Tweet
Embed
Score 0/168 Timer 20:00
0 Plays Today
Hint Answer % Correct
Nike
91.2%
Adidas
86.1%
ASICS
61.1%
Puma
47.2%
Reebok
47.2%
New Balance
38.9%
Air Jordan
36.1%
Vans
36.1%
Crocs
30.6%
Under Armour
25%
UGG
16.7%
Foot Locker
11.1%
Saucony
11.1%
DC Shoes
8.3%
Dr. Martens
8.3%
ECCO
8.3%
Fila
8.3%
Alden Shoe Company
5.6%
Allen Edmonds
5.6%
Anta Sports
5.6%
Ariat
5.6%
Chaco
5.6%
Keds
5.6%
LA Gear
5.6%
Steve Madden
5.6%
Nine West
5.6%
Rockport
5.6%
361˚
2.8%
Ari Football
2.8%
Atletica
2.8%
Avia
2.8%
Bally Shoe
2.8%
Banana Republic
2.8%
Bearpaw
2.8%
Belle International
2.8%
Bontoni
2.8%
British Knights
2.8%
Brooks Sports
2.8%
Bucketfeet
2.8%
Calvin Klein
2.8%
Camper
2.8%
Caterpillar Inc.
2.8%
ChenOne
2.8%
Cole Haan
2.8%
Columbia Sportswear
2.8%
Common Projects
2.8%
Damani Dada
2.8%
Diadora
2.8%
Duarig
2.8%
Dunlop Sport
2.8%
DVS Shoes
2.8%
Edward Green Shoes
2.8%
Etnies
2.8%
Fallen Footwear
2.8%
FEIT
2.8%
Foreva
2.8%
Hint Answer % Correct
Geox
2.8%
Globe International
2.8%
Goodwill Shoe Company
2.8%
Hi-Tec
2.8%
Humanic
2.8%
The Hundreds
2.8%
Hush Puppies
2.8%
Invicta
2.8%
Irregular Choice
2.8%
Johnston & Murphy
2.8%
Kashi Kicks
2.8%
Kinney Shoes
2.8%
Lescon
2.8%
Li-Ning
2.8%
Loake
2.8%
Lugz
2.8%
M.Dia
2.8%
Merrell
2.8%
Naot
2.8%
Original Penguin
2.8%
Osiris Shoes
2.8%
Pacific Brands
2.8%
Pearl Izumi
2.8%
PF Flyers
2.8%
Red or Dead
2.8%
Reef
2.8%
Rossi Boots
2.8%
Russell & Bromley
2.8%
Sebago
2.8%
Servis Shoes
2.8%
ShoeDazzle
2.8%
Sorel
2.8%
SOURCE
2.8%
Starbury
2.8%
Tieks
2.8%
Tod's
2.8%
Toms Shoes
2.8%
United Nude
2.8%
Veja Sneakers
2.8%
Stuart Weitzman
2.8%
Xtep
2.8%
Bikemu
0%
Caleres
0%
Canterbury of New Zealand
0%
Charles David
0%
Church's
0%
Circa
0%
Colchester Rubber Co
0%
Dunlop Volley
0%
EMU Australia
0%
Erreà
0%
Falc
0%
FBT
0%
Feiyue
0%
Florsheim Shoes
0%
John Fluevog
0%
Hint Answer % Correct
Givova
0%
Gluv
0%
Golden Goose Deluxe Brand
0%
Grand Sport Group
0%
Gravati
0%
Havaianas
0%
Heelys
0%
Herbert Levine
0%
Insolia
0%
Jello Shoecompany
0%
Lauren Jones
0%
JustFab
0%
KangaRoos
0%
Kappa
0%
Kat Maconie
0%
Kickers
0%
Kubba Sportswear
0%
Leder und Schuh
0%
Legea
0%
John Lobb Bootmaker
0%
Lotto Sport Italia
0%
Melville Shoe Corporatio
0%
Montrai
0%
Moon Boot
0%
Munich
0%
Newton Running
0%
Nocona Boots
0%
The Original Car Shoe
0%
Pediped Footwear
0%
Pony International
0%
Real Unite
0%
Reebok Ventilator
0%
Template:Running shoe brands
0%
Rupani Footwear
0%
SAS Shoemakers
0%
Sessions
0%
Shiekh Shoes
0%
Shy
0%
SLAM
0%
Paul Smith
0%
Solovair
0%
Source Sandals
0%
Start-rite
0%
Stefano Bemer
0%
Superga
0%
Thom McAn
0%
Tredair
0%
Troentorp Clogs
0%
Unification Shoe
0%
Veritas Bespoke
0%
Vratim
0%
J. M. Weston
0%
Wildsmith Shoes
0%
Yohji Yamamoto
0%
Yull shoes
0%
Giuseppe Zanotti
0%

You're not logged in!

Compare scores with friends on all Sporcle quizzes.
Join for Free
OR
Log In

You Might Also Like...

Show Comments

Extras

Top Quizzes Today


Score Distribution

Your Account Isn't Verified!

In order to create a playlist on Sporcle, you need to verify the email address you used during registration. Go to your Sporcle Settings to finish the process.

Report this User

Report this user for behavior that violates our Community Guidelines.

Details: